| 000 | 01053nam a2200349 a 4500 | ||
|---|---|---|---|
| 001 | 20939 | ||
| 003 | VRT | ||
| 005 | 20260207105722.0 | ||
| 008 | 991116s1948 xo g 000 d slo c | ||
| 035 | _aUKB000248522 | ||
| 039 | 9 |
_a201803120924 _bgluc _c200810201217 _djuso _c200810201210 _djuso |
|
| 040 |
_aBAA001 _bslo _cBAA001 _eAACR2 |
||
| 041 | 1 |
_aslo _hger |
|
| 044 |
_axo _cSK |
||
| 080 | _a830(436)-2 | ||
| 100 | 1 |
_aGrillparzer, Franz, _d1791-1872 |
|
| 245 | 1 | 0 |
_aSapfo _btragédia v 5 dejstvách _cF. Grillparzer ; [prel. K.M. Hodro] |
| 250 | _a1. vyd. | ||
| 260 |
_aTurčiansky Sv. Martin _bÚstr. slov. ochot. div. _c1948 |
||
| 300 | _a115 s. | ||
| 490 | 1 |
_aJavisko _vsv. 24 |
|
| 650 | 0 | 7 |
_aliteratúra rakúska _xhry divadelné |
| 650 | 0 | 7 | _ahry divadelné rakúske |
| 653 | _a830(436)-2 | ||
| 700 | 1 |
_aHodro, K. M. _4trl |
|
| 830 | 0 | _aJavisko | |
| 910 | _aukb | ||
| 942 |
_2ddc _cKLDO _n0 |
||
| 949 |
_61800306182 _a20.E.01257 _bPV.1341-48 |
||
| 949 |
_61800518320 _aS.F.04240 _bPV.1342-48 |
||
| 949 |
_61800056670 _a20.E.01257 _bDD.812-99 |
||
| 999 |
_c20939 _d20939 |
||